[Event "DEM U16 2025"]
[Site "Willingen GER"]
[Date "2025.06.14"]
[Round "9"]
[White "Marcziter, Alex"]
[Black "Mester, Philipp"]
[Result "0-1"]
[Termination "normal"]
[Board "6"]
[WhiteElo "2102"]
[BlackElo "2162"]
[WhiteClock "00:14:06"]
[BlackClock "00:06:39"]
[PlyCount "98"]
[WhiteFideId "16258126"]
[BlackFideId "34624902"]
[EventCountry "GER"]
[EventRounds "9"]
[EventType "swiss"]
[EventDate "2025.06.07"]

1. e4 {[%clk 01:30:36]} {[%emt 00:00:22]} e5 {[%clk 01:30:57]} {[%emt
00:00:04]} 2. Nf3 {[%clk 01:30:05]} {[%emt 00:01:00]} Nc6 {[%clk 01:31:24]}
{[%emt 00:00:04]} 3. Bc4 {[%clk 01:29:26]} {[%emt 00:01:08]} Nf6 {[%clk
01:31:48]} {[%emt 00:00:07]} 4. d3 {[%clk 01:28:53]} {[%emt 00:01:03]} Be7
{[%clk 01:32:09]} {[%emt 00:00:09]} 5. O-O {[%clk 01:27:31]} {[%emt 00:01:51]}
O-O {[%clk 01:32:31]} {[%emt 00:00:09]} 6. c3 {[%clk 01:26:15]} {[%emt
00:01:45]} d5 {[%clk 01:31:47]} {[%emt 00:01:15]} 7. exd5 {[%clk 01:25:03]}
{[%emt 00:01:42]} Nxd5 {[%clk 01:30:42]} {[%emt 00:01:35]} 8. Re1 {[%clk
01:23:31]} {[%emt 00:02:01]} Bg4 {[%clk 01:30:37]} {[%emt 00:00:36]} 9. h3
{[%clk 01:21:45]} {[%emt 00:02:16]} Bh5 {[%clk 01:30:57]} {[%emt 00:00:10]} 10.
Nbd2 {[%clk 01:18:52]} {[%emt 00:03:22]} Nb6 {[%clk 01:29:36]} {[%emt
00:01:52]} 11. Bb5 {[%clk 01:16:46]} {[%emt 00:02:36]} f6 {[%clk 01:22:42]}
{[%emt 00:07:24]} 12. Ne4 {[%clk 01:10:57]} {[%emt 00:06:18]} Nb8 {[%clk
01:10:09]} {[%emt 00:13:05]} 13. Be3 {[%clk 01:01:40]} {[%emt 00:09:46]} a6
{[%clk 01:07:47]} {[%emt 00:02:53]} 14. Bxb6 {[%clk 00:59:10]} {[%emt
00:02:59]} axb5 {[%clk 01:07:29]} {[%emt 00:00:48]} 15. Bc5 {[%clk 00:57:39]}
{[%emt 00:02:00]} Bxc5 {[%clk 01:04:17]} {[%emt 00:03:42]} 16. Nxc5 {[%clk
00:56:45]} {[%emt 00:01:25]} Qd5 {[%clk 01:04:22]} {[%emt 00:00:25]} 17. Qb3
{[%clk 00:54:54]} {[%emt 00:02:21]} Bf7 {[%clk 01:00:00]} {[%emt 00:04:52]} 18.
d4 {[%clk 00:48:44]} {[%emt 00:06:40]} Qxc5 {[%clk 00:52:37]} {[%emt 00:07:54]}
19. dxc5 {[%clk 00:47:21]} {[%emt 00:01:51]} Bxb3 {[%clk 00:51:43]} {[%emt
00:01:25]} 20. axb3 {[%clk 00:47:43]} {[%emt 00:00:07]} Nc6 {[%clk 00:49:29]}
{[%emt 00:02:45]} 21. b4 {[%clk 00:45:53]} {[%emt 00:02:20]} Kf7 {[%clk
00:49:03]} {[%emt 00:00:56]} 22. Kf1 {[%clk 00:41:01]} {[%emt 00:05:21]} Rxa1
{[%clk 00:46:49]} {[%emt 00:02:46]} 23. Rxa1 {[%clk 00:41:12]} {[%emt
00:00:18]} Rd8 {[%clk 00:46:46]} {[%emt 00:00:33]} 24. Ke2 {[%clk 00:39:53]}
{[%emt 00:01:49]} Ke6 {[%clk 00:46:38]} {[%emt 00:00:38]} 25. Nd2 {[%clk
00:38:33]} {[%emt 00:01:50]} f5 {[%clk 00:45:15]} {[%emt 00:01:54]} 26. f3
{[%clk 00:36:30]} {[%emt 00:02:32]} Kf6 {[%clk 00:42:04]} {[%emt 00:03:41]} 27.
Nb3 {[%clk 00:35:01]} {[%emt 00:01:58]} h5 {[%clk 00:39:50]} {[%emt 00:02:45]}
28. h4 {[%clk 00:33:03]} {[%emt 00:02:27]} g5 {[%clk 00:37:55]} {[%emt
00:02:26]} 29. hxg5+ {[%clk 00:33:03]} {[%emt 00:00:30]} Kxg5 {[%clk 00:37:08]}
{[%emt 00:01:17]} 30. g3 {[%clk 00:27:22]} {[%emt 00:06:10]} f4 {[%clk
00:31:14]} {[%emt 00:06:24]} 31. gxf4+ {[%clk 00:27:16]} {[%emt 00:00:37]} Kxf4
{[%clk 00:30:45]} {[%emt 00:01:00]} 32. Rg1 {[%clk 00:25:15]} {[%emt 00:02:30]}
Rh8 {[%clk 00:30:15]} {[%emt 00:01:00]} 33. Nd2 {[%clk 00:24:45]} {[%emt
00:00:58]} Ne7 {[%clk 00:28:40]} {[%emt 00:02:07]} 34. Ne4 {[%clk 00:24:30]}
{[%emt 00:00:44]} Nf5 {[%clk 00:25:00]} {[%emt 00:04:11]} 35. Kf2 {[%clk
00:22:01]} {[%emt 00:02:58]} Rd8 {[%clk 00:20:51]} {[%emt 00:04:40]} 36. Ke2
{[%clk 00:19:41]} {[%emt 00:02:50]} Nh4 {[%clk 00:14:35]} {[%emt 00:06:47]} 37.
Nf6 {[%clk 00:18:52]} {[%emt 00:01:18]} Rd2+ {[%clk 00:08:54]} {[%emt
00:06:13]} 38. Kxd2 {[%clk 00:19:03]} {[%emt 00:00:18]} Nxf3+ {[%clk 00:09:20]}
{[%emt 00:00:04]} 39. Kd3 {[%clk 00:18:46]} {[%emt 00:00:47]} e4+ {[%clk
00:09:11]} {[%emt 00:00:40]} 40. Ke2 {[%clk 00:16:19]} {[%emt 00:02:57]} Nxg1+
{[%clk 00:08:40]} {[%emt 00:01:01]} 41. Kf1 {[%clk 00:14:39]} {[%emt 00:02:09]}
Nf3 {[%clk 00:07:48]} {[%emt 00:01:22]} 42. Nxh5+ {[%clk 00:14:35]} {[%emt
00:00:35]} Ke3 {[%clk 00:07:59]} {[%emt 00:00:18]} 43. Nf6 {[%clk 00:14:07]}
{[%emt 00:00:58]} Kd3 {[%emt 00:02:16]} 44. Nd5 {[%emt 00:01:24]} e3 {[%clk
00:06:37]} {[%emt 00:00:23]} 45. Nf4+ {[%clk 00:12:51]} {[%emt 00:00:35]} Kd2
{[%clk 00:06:59]} {[%emt 00:00:09]} 46. b3 {[%clk 00:12:57]} {[%emt 00:00:24]}
Nh2+ {[%clk 00:06:31]} {[%emt 00:00:58]} 47. Kg2 {[%clk 00:13:19]} {[%emt
00:00:07]} e2 {[%clk 00:06:13]} {[%emt 00:00:49]} 48. Nxe2 {[%clk 00:13:44]}
{[%emt 00:00:05]} Kxe2 {[%clk 00:06:39]} {[%emt 00:00:04]} 49. Kxh2 {[%clk
00:14:06]} {[%emt 00:00:07]} Kd3 {[%emt 00:00:11]} 0-1

[Event "DEM U16 2025"]
[Site "Willingen GER"]
[Date "2025.06.14"]
[Round "9"]
[White "Burkart, Lloyd Shang"]
[Black "Nönnig, Jakob"]
[Result "0-1"]
[Termination "normal"]
[Board "7"]
[WhiteElo "2082"]
[BlackElo "2096"]
[WhiteClock "01:27:34"]
[BlackClock "01:16:18"]
[PlyCount "122"]
[WhiteFideId "16239059"]
[BlackFideId "16289447"]
[EventCountry "GER"]
[EventRounds "9"]
[EventType "swiss"]
[EventDate "2025.06.07"]

1. Nf3 {[%clk 01:27:34]} d5 {[%clk 01:16:18]} 2. g3 {[%clk 01:27:34]} Nf6
{[%clk 01:16:18]} 3. Bg2 {[%clk 01:27:34]} e6 {[%clk 01:16:18]} 4. O-O {[%clk
01:27:34]} Be7 {[%clk 01:16:18]} 5. c4 {[%clk 01:27:34]} O-O {[%clk 01:16:18]}
6. b3 {[%clk 01:27:34]} c5 {[%clk 01:16:18]} 7. cxd5 {[%clk 01:27:34]} exd5
{[%clk 01:16:18]} 8. d4 {[%clk 01:27:34]} b6 {[%clk 01:16:18]} 9. Bb2 {[%clk
01:27:34]} Bb7 {[%clk 01:16:18]} 10. Nc3 {[%clk 01:27:34]} Nbd7 {[%clk
01:16:18]} 11. Rc1 {[%clk 01:27:34]} Rc8 {[%clk 01:16:18]} 12. e3 {[%clk
01:27:34]} Re8 {[%clk 01:16:18]} 13. Qe2 {[%clk 01:27:34]} Bd6 {[%clk
01:16:18]} 14. Rfd1 {[%clk 01:27:34]} Qe7 {[%clk 01:16:18]} 15. Nh4 {[%clk
01:27:34]} Qe6 {[%clk 01:16:18]} 16. dxc5 {[%clk 01:27:34]} bxc5 {[%clk
01:16:18]} 17. Qd2 {[%clk 01:27:34]} Nb6 {[%clk 01:16:18]} 18. a4 {[%clk
01:27:34]} Be5 {[%clk 01:16:18]} 19. Nf3 {[%clk 01:27:34]} Ne4 {[%clk
01:16:18]} 20. Nxe4 {[%clk 01:27:34]} Bxb2 {[%clk 01:16:18]} 21. Qxb2 {[%clk
01:27:34]} Qxe4 {[%clk 01:16:18]} 22. h4 {[%clk 01:27:34]} h6 {[%clk 01:16:18]}
23. Rd2 {[%clk 01:27:34]} Qe6 {[%clk 01:16:18]} 24. Rdc2 {[%clk 01:27:34]} Qd6
{[%clk 01:16:18]} 25. Qa3 {[%clk 01:27:34]} Nd7 {[%clk 01:16:18]} 26. Nd4
{[%clk 01:27:34]} Qe5 {[%clk 01:16:18]} 27. Ne2 {[%clk 01:27:34]} Ba6 {[%clk
01:16:18]} 28. Qb2 {[%clk 01:27:34]} Qf5 {[%clk 01:16:18]} 29. Nf4 {[%clk
01:27:34]} Ne5 {[%clk 01:16:18]} 30. Rd1 {[%clk 01:27:34]} Nd3 {[%clk
01:16:18]} 31. Nxd3 {[%clk 01:27:34]} Bxd3 {[%clk 01:16:18]} 32. Rc3 {[%clk
01:27:34]} c4 {[%clk 01:16:18]} 33. Bxd5 {[%clk 01:27:34]} Qg4 {[%clk
01:16:18]} 34. Rd2 {[%clk 01:27:34]} Rxe3 {[%clk 01:16:18]} 35. fxe3 {[%clk
01:27:34]} Qxg3+ {[%clk 01:16:18]} 36. Bg2 {[%clk 01:27:34]} Qe1+ {[%clk
01:16:18]} 37. Kh2 {[%clk 01:27:34]} Qxh4+ {[%clk 01:16:18]} 38. Kg1 {[%clk
01:27:34]} Qe1+ {[%clk 01:16:18]} 39. Kh2 {[%clk 01:27:34]} Rc5 {[%clk
01:16:18]} 40. Rdxd3 {[%clk 01:27:34]} Rh5+ {[%clk 01:16:18]} 41. Bh3 {[%clk
01:27:34]} cxd3 {[%clk 01:16:18]} 42. Rxd3 {[%clk 01:27:34]} Rxh3+ {[%clk
01:16:18]} 43. Kxh3 {[%clk 01:27:34]} Qf1+ {[%clk 01:16:18]} 44. Kg3 {[%clk
01:27:34]} Qxd3 {[%clk 01:16:18]} 45. Kf2 {[%clk 01:27:34]} h5 {[%clk
01:16:18]} 46. Qd4 {[%clk 01:27:34]} Qf5+ {[%clk 01:16:18]} 47. Kg3 {[%clk
01:27:34]} g5 {[%clk 01:16:18]} 48. b4 {[%clk 01:27:34]} h4+ {[%clk 01:16:18]}
49. Kh2 {[%clk 01:27:34]} Qf2+ {[%clk 01:16:18]} 50. Kh1 {[%clk 01:27:34]} Qe1+
{[%clk 01:16:18]} 51. Kg2 {[%clk 01:27:34]} Qg3+ {[%clk 01:16:18]} 52. Kf1
{[%clk 01:27:34]} h3 {[%clk 01:16:18]} 53. Qd8+ {[%clk 01:27:34]} Kg7 {[%clk
01:16:18]} 54. Qd4+ {[%clk 01:27:34]} f6 {[%clk 01:16:18]} 55. Qd7+ {[%clk
01:27:34]} Kh6 {[%clk 01:16:18]} 56. Qf5 {[%clk 01:27:34]} Qxe3 {[%clk
01:16:18]} 57. Qxf6+ {[%clk 01:27:34]} Kh5 {[%clk 01:16:18]} 58. Qf7+ {[%clk
01:27:34]} Kg4 {[%clk 01:16:18]} 59. Qd7+ {[%clk 01:27:34]} Kg3 {[%clk
01:16:18]} 60. Qd6+ {[%clk 01:27:34]} Qf4+ {[%clk 01:16:18]} 61. Qxf4+ {[%clk
01:27:34]} gxf4 {[%clk 01:16:18]} 0-1

[Event "DEM U16 2025"]
[Site "Willingen GER"]
[Date "2025.06.14"]
[Round "9"]
[White "Lu, Yunong Elias"]
[Black "Skembris, Simon Max"]
[Result "1-0"]
[Termination "normal"]
[Board "8"]
[BlackTitle "CM"]
[WhiteElo "2072"]
[BlackElo "2199"]
[WhiteClock "00:37:47"]
[BlackClock "00:25:19"]
[PlyCount "103"]
[WhiteFideId "16276426"]
[BlackFideId "16281381"]
[EventCountry "GER"]
[EventRounds "9"]
[EventType "swiss"]
[EventDate "2025.06.07"]

1. e4 {[%clk 01:30:53]} {[%emt 00:00:06]} c5 {[%clk 01:31:11]} {[%emt
00:00:20]} 2. Nf3 {[%clk 01:31:19]} {[%emt 00:00:04]} Nc6 {[%clk 01:31:36]}
{[%emt 00:00:05]} 3. Bb5 {[%clk 01:31:46]} {[%emt 00:00:03]} g6 {[%clk
01:31:58]} {[%emt 00:00:09]} 4. Bxc6 {[%clk 01:32:12]} {[%emt 00:00:04]} dxc6
{[%clk 01:32:22]} {[%emt 00:00:06]} 5. O-O {[%clk 01:32:37]} {[%emt 00:00:04]}
Bg7 {[%clk 01:32:07]} {[%emt 00:00:46]} 6. d3 {[%clk 01:33:02]} {[%emt
00:00:04]} Nf6 {[%clk 01:31:44]} {[%emt 00:00:53]} 7. Nbd2 {[%clk 01:33:26]}
{[%emt 00:00:07]} O-O {[%clk 01:29:39]} {[%emt 00:02:35]} 8. a3 {[%clk
01:33:44]} {[%emt 00:00:12]} Qc7 {[%clk 01:24:56]} {[%emt 00:05:14]} 9. Qe2
{[%clk 01:33:34]} {[%emt 00:00:40]} a5 {[%clk 01:23:23]} {[%emt 00:02:03]} 10.
Rd1 {[%clk 01:31:37]} {[%emt 00:02:26]} e5 {[%clk 01:20:07]} {[%emt 00:03:46]}
11. Nc4 {[%clk 01:31:41]} {[%emt 00:00:26]} Re8 {[%clk 01:18:46]} {[%emt
00:01:50]} 12. Bd2 {[%clk 01:31:42]} {[%emt 00:00:30]} a4 {[%clk 01:16:09]}
{[%emt 00:03:08]} 13. Ne3 {[%clk 01:28:30]} {[%emt 00:03:41]} h6 {[%clk
01:10:22]} {[%emt 00:06:18]} 14. Qf1 {[%clk 01:18:41]} {[%emt 00:10:18]} Nh7
{[%clk 01:04:15]} {[%emt 00:06:37]} 15. c3 {[%clk 00:54:09]} {[%emt 00:25:03]}
Nf8 {[%clk 00:57:19]} {[%emt 00:07:25]} 16. Nc2 {[%clk 00:38:36]} {[%emt
00:16:03]} Qb6 {[%clk 00:52:32]} {[%emt 00:05:17]} 17. Bc1 {[%clk 00:32:12]}
{[%emt 00:06:54]} Be6 {[%clk 00:50:21]} {[%emt 00:02:41]} 18. Qe2 {[%clk
00:30:56]} {[%emt 00:01:46]} Rad8 {[%clk 00:46:59]} {[%emt 00:03:52]} 19. Ne3
{[%clk 00:28:52]} {[%emt 00:02:34]} Bb3 {[%clk 00:43:16]} {[%emt 00:04:13]} 20.
Rf1 {[%clk 00:28:20]} {[%emt 00:01:03]} Qc7 {[%clk 00:35:17]} {[%emt 00:08:29]}
21. Ne1 {[%clk 00:23:20]} {[%emt 00:05:29]} Ne6 {[%clk 00:30:33]} {[%emt
00:05:15]} 22. g3 {[%clk 00:22:51]} {[%emt 00:00:59]} b5 {[%clk 00:29:25]}
{[%emt 00:01:37]} 23. Qf3 {[%clk 00:21:13]} {[%emt 00:02:08]} h5 {[%clk
00:27:39]} {[%emt 00:02:17]} 24. h4 {[%clk 00:21:34]} {[%emt 00:00:08]} Rf8
{[%clk 00:25:44]} {[%emt 00:02:24]} 25. Qe2 {[%clk 00:20:53]} {[%emt 00:01:11]}
Kh7 {[%clk 00:24:21]} {[%emt 00:01:54]} 26. Kh1 {[%clk 00:19:40]} {[%emt
00:01:43]} Bh6 {[%clk 00:20:13]} {[%emt 00:04:38]} 27. Qf3 {[%clk 00:19:35]}
{[%emt 00:00:35]} Qe7 {[%clk 00:17:09]} {[%emt 00:03:34]} 28. Kh2 {[%clk
00:17:50]} {[%emt 00:02:15]} Ng7 {[%clk 00:14:55]} {[%emt 00:02:44]} 29. N3g2
{[%clk 00:17:42]} {[%emt 00:00:38]} f5 {[%clk 00:13:38]} {[%emt 00:01:47]} 30.
Bxh6 {[%clk 00:17:56]} {[%emt 00:00:15]} Kxh6 {[%clk 00:13:48]} {[%emt
00:00:20]} 31. exf5 {[%clk 00:18:16]} {[%emt 00:00:11]} Nxf5 {[%clk 00:12:52]}
{[%emt 00:01:25]} 32. Qe2 {[%clk 00:18:16]} {[%emt 00:00:30]} c4 {[%clk
00:12:06]} {[%emt 00:01:16]} 33. Ne3 {[%clk 00:15:14]} {[%emt 00:03:31]} cxd3
{[%clk 00:09:37]} {[%emt 00:02:59]} 34. Nxf5+ {[%clk 00:15:32]} {[%emt
00:00:12]} gxf5 {[%clk 00:08:36]} {[%emt 00:01:31]} 35. Nxd3 {[%clk 00:15:24]}
{[%emt 00:00:39]} Bc4 {[%clk 00:07:42]} {[%emt 00:01:24]} 36. Rfd1 {[%clk
00:15:48]} {[%emt 00:00:05]} Qd6 {[%clk 00:05:53]} {[%emt 00:02:19]} 37. Qe3+
{[%clk 00:15:26]} {[%emt 00:00:53]} f4 {[%clk 00:03:02]} {[%emt 00:03:21]} 38.
Nxf4 {[%clk 00:15:30]} {[%emt 00:00:25]} exf4 {[%clk 00:02:48]} {[%emt
00:00:44]} 39. Rxd6+ {[%clk 00:15:55]} {[%emt 00:00:04]} Rxd6 {[%clk 00:03:13]}
{[%emt 00:00:06]} 40. gxf4 {[%clk 00:15:17]} {[%emt 00:01:08]} Rdf6 {[%clk
00:02:17]} {[%emt 00:01:26]} 41. Rg1 {[%clk 00:14:05]} {[%emt 00:01:41]} Rxf4
{[%clk 00:29:02]} {[%emt 00:03:47]} 42. Kg3 {[%clk 00:43:07]} {[%emt 00:01:28]}
Rg8+ {[%clk 00:29:15]} {[%emt 00:00:16]} 43. Kxf4 {[%clk 00:43:31]} {[%emt
00:00:05]} Rxg1 {[%clk 00:29:41]} {[%emt 00:00:05]} 44. Kf5+ {[%clk 00:43:56]}
{[%emt 00:00:05]} Kg7 {[%clk 00:27:30]} {[%emt 00:02:41]} 45. Qe5+ {[%clk
00:43:19]} {[%emt 00:01:07]} Kh7 {[%clk 00:27:14]} {[%emt 00:00:45]} 46. Kf6
{[%clk 00:37:33]} {[%emt 00:06:16]} Rg6+ {[%clk 00:25:00]} {[%emt 00:02:45]}
47. Ke7 {[%emt 00:01:50]} Bd5 {[%clk 00:24:13]} {[%emt 00:00:48]} 48. Qxh5
{[%clk 00:37:05]} {[%emt 00:00:06]} Kg7 {[%clk 00:24:41]} {[%emt 00:00:02]} 49.
Qe5 {[%clk 00:37:29]} {[%emt 00:00:07]} Kh7 {[%clk 00:24:57]} {[%emt 00:00:14]}
50. f4 {[%clk 00:37:00]} {[%emt 00:00:58]} Rg7+ {[%clk 00:24:54]} {[%emt
00:00:33]} 51. Kd6 {[%clk 00:37:22]} {[%emt 00:00:08]} Rg6+ {[%clk 00:25:19]}
{[%emt 00:00:06]} 52. Kc5 {[%clk 00:37:47]} {[%emt 00:00:04]} 1-0

[Event "DEM U16 2025"]
[Site "Willingen GER"]
[Date "2025.06.14"]
[Round "9"]
[White "Sreeramulu, Aarush"]
[Black "Helms, Finn"]
[Result "1/2-1/2"]
[Termination "normal"]
[Board "9"]
[WhiteElo "2032"]
[BlackElo "2153"]
[WhiteClock "00:26:21"]
[BlackClock "00:09:50"]
[PlyCount "152"]
[WhiteFideId "34610685"]
[BlackFideId "16249143"]
[EventCountry "GER"]
[EventRounds "9"]
[EventType "swiss"]
[EventDate "2025.06.07"]

1. d4 {[%clk 01:30:57]} {[%emt 00:00:03]} Nf6 {[%clk 01:30:43]} {[%emt
00:00:18]} 2. c4 {[%clk 01:31:21]} {[%emt 00:00:05]} e6 {[%clk 01:31:09]}
{[%emt 00:00:05]} 3. Nc3 {[%clk 01:31:47]} {[%emt 00:00:03]} Bb4 {[%clk
01:31:12]} {[%emt 00:00:27]} 4. Qc2 {[%clk 01:31:14]} {[%emt 00:01:03]} O-O
{[%clk 01:31:26]} {[%emt 00:00:17]} 5. e4 {[%clk 01:31:36]} {[%emt 00:00:08]}
d5 {[%clk 01:31:25]} {[%emt 00:00:31]} 6. e5 {[%clk 01:32:02]} {[%emt
00:00:04]} Ne4 {[%clk 01:31:46]} {[%emt 00:00:09]} 7. Bd3 {[%clk 01:32:27]}
{[%emt 00:00:05]} c5 {[%clk 01:31:10]} {[%emt 00:01:06]} 8. Nf3 {[%clk
01:32:20]} {[%emt 00:00:36]} cxd4 {[%clk 01:30:08]} {[%emt 00:01:33]} 9. Nxd4
{[%clk 01:32:17]} {[%emt 00:00:32]} Nd7 {[%clk 01:29:44]} {[%emt 00:00:54]} 10.
Bf4 {[%clk 01:32:27]} {[%emt 00:00:20]} Qh4 {[%clk 01:27:58]} {[%emt 00:02:16]}
11. g3 {[%clk 01:31:01]} {[%emt 00:01:57]} Qh5 {[%clk 01:26:44]} {[%emt
00:01:43]} 12. O-O {[%clk 01:18:27]} {[%emt 00:13:04]} g5 {[%clk 01:17:57]}
{[%emt 00:09:17]} 13. Be3 {[%clk 01:03:13]} {[%emt 00:15:44]} Bxc3 {[%clk
01:01:30]} {[%emt 00:16:58]} 14. bxc3 {[%clk 01:01:02]} {[%emt 00:02:40]} Nxe5
{[%clk 00:59:02]} {[%emt 00:02:58]} 15. Bxe4 {[%clk 00:44:37]} {[%emt
00:16:55]} dxe4 {[%clk 00:58:22]} {[%emt 00:01:10]} 16. Qxe4 {[%clk 00:43:19]}
{[%emt 00:01:47]} Nxc4 {[%clk 00:52:28]} {[%emt 00:06:25]} 17. Nf3 {[%clk
00:35:14]} {[%emt 00:08:34]} Nd6 {[%clk 00:41:35]} {[%emt 00:11:24]} 18. Qd3
{[%clk 00:33:52]} {[%emt 00:01:52]} Qxf3 {[%clk 00:41:10]} {[%emt 00:00:54]}
19. Qxd6 {[%clk 00:34:13]} {[%emt 00:00:10]} b6 {[%clk 00:40:36]} {[%emt
00:01:04]} 20. Qd1 {[%clk 00:34:08]} {[%emt 00:00:34]} Qf5 {[%clk 00:29:08]}
{[%emt 00:11:58]} 21. Qh5 {[%clk 00:24:55]} {[%emt 00:09:43]} f6 {[%clk
00:27:16]} {[%emt 00:02:22]} 22. Qe2 {[%clk 00:22:24]} {[%emt 00:03:02]} Bb7
{[%clk 00:26:43]} {[%emt 00:01:03]} 23. f3 {[%clk 00:20:52]} {[%emt 00:02:02]}
Rad8 {[%clk 00:23:21]} {[%emt 00:03:52]} 24. Rac1 {[%clk 00:17:07]} {[%emt
00:04:16]} e5 {[%clk 00:17:40]} {[%emt 00:06:11]} 25. c4 {[%clk 00:15:54]}
{[%emt 00:01:43]} g4 {[%clk 00:06:38]} {[%emt 00:11:32]} 26. fxg4 {[%clk
00:15:55]} {[%emt 00:00:28]} Qe4 {[%clk 00:07:03]} {[%emt 00:00:05]} 27. Kf2
{[%clk 00:15:52]} {[%emt 00:00:33]} Rd3 {[%clk 00:05:17]} {[%emt 00:02:16]} 28.
Rg1 {[%clk 00:14:19]} {[%emt 00:02:03]} f5 {[%clk 00:04:37]} {[%emt 00:01:10]}
29. Bh6 {[%clk 00:14:28]} {[%emt 00:00:21]} fxg4+ {[%clk 00:04:21]} {[%emt
00:00:46]} 30. Ke1 {[%clk 00:14:47]} {[%emt 00:00:11]} Rf6 {[%clk 00:03:15]}
{[%emt 00:01:36]} 31. Bg5 {[%clk 00:13:16]} {[%emt 00:02:01]} Rg6 {[%clk
00:02:33]} {[%emt 00:01:13]} 32. Qxe4 {[%clk 00:13:34]} {[%emt 00:00:12]} Bxe4
{[%clk 00:03:00]} {[%emt 00:00:02]} 33. Be7 {[%clk 00:13:07]} {[%emt 00:00:56]}
Bf3 {[%clk 00:02:36]} {[%emt 00:00:55]} 34. c5 {[%clk 00:09:06]} {[%emt
00:04:32]} bxc5 {[%clk 00:02:49]} {[%emt 00:00:17]} 35. Bxc5 {[%clk 00:08:54]}
{[%emt 00:00:42]} Rh6 {[%clk 00:02:26]} {[%emt 00:00:53]} 36. Bxa7 {[%clk
00:07:15]} {[%emt 00:02:09]} Rxh2 {[%clk 00:02:32]} {[%emt 00:00:24]} 37. a4
{[%clk 00:06:10]} {[%emt 00:01:35]} Ra2 {[%clk 00:02:19]} {[%emt 00:00:43]} 38.
Bb6 {[%emt 00:01:04]} Rxa4 {[%clk 00:02:18]} {[%emt 00:00:28]} 39. Rc2 {[%clk
00:05:53]} {[%emt 00:00:15]} Ra6 {[%clk 00:01:38]} {[%emt 00:01:10]} 40. Rb2
{[%clk 00:06:05]} {[%emt 00:00:18]} e4 {[%clk 00:00:36]} {[%emt 00:01:32]} 41.
Kf2 {[%clk 00:06:21]} {[%emt 00:00:14]} Raa3 {[%clk 00:29:19]} {[%emt
00:01:48]} 42. Re1 {[%clk 00:35:36]} {[%emt 00:01:15]} Rab3 {[%clk 00:29:14]}
{[%emt 00:00:35]} 43. Rxb3 {[%clk 00:35:10]} {[%emt 00:00:56]} Rxb3 {[%clk
00:29:42]} {[%emt 00:00:02]} 44. Bd4 {[%clk 00:34:22]} {[%emt 00:01:18]} Kf7
{[%clk 00:25:58]} {[%emt 00:04:14]} 45. Be5 {[%clk 00:34:06]} {[%emt 00:00:47]}
Ke6 {[%clk 00:25:17]} {[%emt 00:01:10]} 46. Bf4 {[%clk 00:34:13]} {[%emt
00:00:23]} Kd5 {[%clk 00:24:41]} {[%emt 00:01:06]} 47. Ra1 {[%clk 00:33:38]}
{[%emt 00:01:05]} Kc4 {[%clk 00:18:33]} {[%emt 00:06:38]} 48. Ra2 {[%clk
00:33:14]} {[%emt 00:00:54]} Kc3 {[%clk 00:18:04]} {[%emt 00:01:00]} 49. Bd2+
{[%clk 00:33:09]} {[%emt 00:00:35]} Kd3 {[%clk 00:18:03]} {[%emt 00:00:30]} 50.
Bf4 {[%clk 00:33:28]} {[%emt 00:00:11]} Kc4 {[%clk 00:15:57]} {[%emt 00:02:36]}
51. Rc2+ {[%emt 00:00:52]} Kb5 52. Bc1 Rd3 53. Be3 Rd1 54. Rc1 Rd5 55. Rc8 Rh5
56. Bf4 Rh2+ 57. Ke3 {[%clk 00:33:06]} Rh1 {[%clk 00:15:27]} 58. Kf2 {[%emt
00:10:57]} Rh2+ 59. Ke3 Re2+ 60. Kd4 {[%clk 00:28:33]} Ra2 {[%clk 00:13:53]}
61. Ke3 {[%clk 00:28:32]} {[%emt 00:01:41]} Kc6 {[%clk 00:13:10]} {[%emt
00:08:58]} 62. Kd4+ {[%clk 00:27:14]} {[%emt 00:00:04]} Kb6 {[%clk 00:11:56]}
{[%emt 00:01:43]} 63. Rb8+ {[%clk 00:27:31]} {[%emt 00:00:13]} Ka7 {[%clk
00:11:51]} {[%emt 00:00:35]} 64. Rc8 {[%clk 00:26:46]} {[%emt 00:01:16]} Ra3
{[%clk 00:09:44]} {[%emt 00:02:35]} 65. Rc3 {[%clk 00:26:21]} {[%emt 00:00:56]}
Ra1 {[%clk 00:09:50]} {[%emt 00:00:24]} 66. Rc1 Ra2 {[%clk 00:09:50]} 67. Rc7+
Kb6 {[%clk 00:09:50]} 68. Rxh7 Ra3 {[%clk 00:09:50]} 69. Rh2 Rd3+ {[%clk
00:09:50]} 70. Kc4 Ra3 {[%clk 00:09:50]} 71. Kd4 Kc6 {[%clk 00:09:50]} 72. Rc2+
Kd7 {[%clk 00:09:50]} 73. Rc7+ Ke6 {[%clk 00:09:50]} 74. Rc6+ Kd7 {[%clk
00:09:50]} 75. Rc7+ Kd8 {[%clk 00:09:50]} 76. Rc3 Rxc3 {[%clk 00:09:50]}
1/2-1/2